000 00852nam a2200241 a 4500
005 20140310183408.0
008 121030s19uu xx 00 eng d
020 _a9781412982221
050 _aHM 1261
_b.J64 2012
100 _aJohnson, Craig E.
245 _aMeeting the ethical challenges of leadership :
_bcasting light or shadow /
_cCraig E. Johnson.
250 _a4th ed.
260 _aLondon, UK :
_bSage,
_c2011.
300 _a447 p. :
_bill. (some col) ;
_c23 cm.
500 _aIncludes bibliographical references and index
520 _aThis Fourth Edition identifies the unique ethical demands of leadership and then equips readers to meet these challenges
521 _aBSBA
650 _aLeadership
_xMoral and ethical aspects
650 _aCrisis management
650 _aLeadership
942 _cBK
_2lcc
_kFOR
999 _c22451
_d22451